| Tag |
First Indicator |
Second Indicator |
Subfields |
| LEADER |
00000cam a2200000 a 4500 |
| 001 |
in00002781841 |
| 006 |
m d |
| 007 |
cr cn||||||||| |
| 008 |
111005s2012 gw a ob 001 0 eng d |
| 005 |
20250816210656.0 |
| 010 |
|
|
|z 2011037278
|
| 020 |
|
|
|z 9783110267594 (alk. paper)
|
| 020 |
|
|
|z 9783110267709 (e-book)
|
| 035 |
|
|
|a (CaPaEBR)ebr10527876
|
| 035 |
|
|
|a (OCoLC)785776494
|
| 040 |
|
|
|a CaPaEBR
|c CaPaEBR
|d UtOrBLW
|
| 041 |
1 |
|
|a eng
|h chi
|
| 050 |
1 |
4 |
|a H61.25
|b .W36 2012eb
|
| 066 |
|
|
|c $1
|
| 082 |
0 |
4 |
|a 005.5/5
|2 23
|
| 100 |
1 |
|
|a Wang, Jichuan.
|
| 240 |
1 |
0 |
|6 880-01
|a Duo ceng tong ji fen xi mo xing
|
| 245 |
1 |
0 |
|a Multilevel models :
|b applications using SAS /
|c Jichuan Wang, Haiyi Xie, James H. Fischer.
|
| 264 |
|
1 |
|a Berlin :
|b De Gruyter ;
|a Boston :
|b Higher Education Press,
|c [2012]
|
| 264 |
|
4 |
|c ©2012
|
| 300 |
|
|
|a 1 online resource (ix, 264 pages) :
|b illustrations
|
| 336 |
|
|
|a text
|b txt
|2 rdacontent
|
| 337 |
|
|
|a computer
|b c
|2 rdamedia
|
| 338 |
|
|
|a online resource
|b cr
|2 rdacarrier
|
| 504 |
|
|
|a Includes bibliographical references and index.
|
| 500 |
|
|
|a Electronic resource.
|
| 630 |
0 |
0 |
|a SAS (Computer file)
|
| 650 |
|
0 |
|a Social sciences
|x Research
|x Mathematical models.
|
| 650 |
|
0 |
|a Multilevel models (Statistics)
|
| 655 |
|
7 |
|a Electronic books.
|2 local
|
| 700 |
1 |
|
|a Xie, Haiyi.
|
| 700 |
1 |
|
|a Fischer, James H.
|
| 710 |
2 |
|
|a ebrary, Inc.
|
| 856 |
4 |
0 |
|u https://ebookcentral.proquest.com/lib/tamucs/detail.action?docID=835473
|y Connect to the full text of this electronic book
|t 0
|
| 980 |
|
|
|a 121102
|b 150
|c USD
|e 225
|f YBP_EBR0000045794
|g 1
|
| 999 |
f |
f |
|s fa08e2bc-84cb-38f7-9356-d0f74598279a
|i cae72571-2986-3822-b7bd-ea186386dd20
|t 0
|
| 999 |
|
|
|a MARS
|
| 952 |
f |
f |
|a Texas A&M University
|b College Station
|c Electronic Resources
|d Available Online
|t 0
|e H61.25 .W36 2012eb
|h Library of Congress classification
|
| 998 |
f |
f |
|a H61.25 .W36 2012eb
|t 0
|l Available Online
|